000 00888nam a22002297a 4500
999 _c4619
_d4619
003 AR-CdUCM
008 190311b ||||| |||| 00| 0 spa dhttp://biblioteca-admin/cgi-bin/koha/cataloguing/addbiblio.pl?frameworkcode=BKS#
020 _a84-7232-422-2
040 _aMUNICIPALIDAD PROVINCIAL DEL CUSCO
_cBIBLIOTECA MUNICIPAL DEL CUSCO
082 _a869.15 /
_bH41
100 _aHernandez, Antonio
_914407
245 _aAntología poética /
260 _aEspaña :
_bAlfa beta,
_c1987.
300 _a152 paginas ;
_c20 cm.
505 _aContenido : El mar es una tarde con campanas -- Oveja negra -- Metaory -- Compas herrante ...
650 _aPoesía española
_9158
650 _aLiteratura española
_9362
650 _aLiteratura universal
_9611
710 _aINSTITUTO DE COOPERACIÓN IBEROAMERICANA
_tEdiciones culturales hispana
_914408
942 _2ddc
_cLIBROS
945 _arah